Presentantional Speaking: Theory and Practice (Record no. 5001)
[ view plain ]
| 005 - DATE AND TIME OF LATEST TRANSACTION | |
|---|---|
| control field | 20250625102003.0 |
| 020 ## - INTERNATIONAL STANDARD BOOK NUMBER | |
| International Standard Book Number | 0-07-302382-5 |
| 082 ## - DEWEY DECIMAL CLASSIFICATION NUMBER | |
| Classification number | 808.51 MOR |
| 100 ## - MAIN ENTRY--PERSONAL NAME | |
| Author name | MORGAN, M |
| 245 ## - TITLE STATEMENT | |
| Title | Presentantional Speaking: Theory and Practice |
| 260 ## - PUBLICATION, DISTRIBUTION, ETC. | |
| Place of publication, distribution, etc. | New York |
| Name of publisher, distributor, etc. | McGraw-Hill Irwin |
| Date of publication, distribution, etc. | 2004. |
| 300 ## - PHYSICAL DESCRIPTION | |
| Extent | v,235p.: ill.; figures,pictures |
| Other physical details | Index |
| Dimensions | 25cm |
| 942 ## - ADDED ENTRY ELEMENTS (KOHA) | |
| Source of classification or shelving scheme | Dewey Decimal Classification |
| Koha item type | Books |
| Date last seen | Total checkouts | Full call number | Barcode | Price effective from | Koha item type | Lost status | Source of classification or shelving scheme | Damaged status | Not for loan | Withdrawn status | Home library | Current library | Shelving location | Date acquired | Source of acquisition |
|---|---|---|---|---|---|---|---|---|---|---|---|---|---|---|---|
| 06/25/2025 | 808.51 MOR | MZA0002122 | 06/25/2025 | Books | Dewey Decimal Classification | CBE Mwanza | CBE Mwanza | General Collection | 07/31/2017 | Library Budget | |||||
| 06/25/2025 | 808.51 MOR | MZA0002123 | 06/25/2025 | Books | Dewey Decimal Classification | CBE Mwanza | CBE Mwanza | General Collection | 07/31/2017 | Library Budget | |||||
| 06/25/2025 | 808.51 MOR | MZA0002124 | 06/25/2025 | Books | Dewey Decimal Classification | CBE Mwanza | CBE Mwanza | General Collection | 07/31/2017 | Library Budget |
